Statistics for London Immigration by Country

Click here to take the quiz!

General Stats

  • This quiz has been taken 1,831 times
  • The average score is 15 of 20

Answer Stats

Population Country % Correct
262,247India
97%
66,654France
94%
112,457Pakistan
92%
55,476Germany
91%
158,300Poland
91%
65,887China
89%
53,959Australia
84%
63,920United States
84%
62,050Italy
82%
129,807Ireland
82%
109,948Bangladesh
77%
129,807Nigeria
73%
66,654South Africa
73%
62,896Turkey
64%
44,848Romania
64%
87,467Jamaica
49%
66,311Kenya
48%
84,542Sri Lanka
43%
65,333Somalia
41%
62,896Ghana
38%

Score Distribution

Percentile by Number Answered

Percent of People with Each Score

Your Score History

You have not taken this quiz